The History of the Mongol conquests (Бичлэгийн дугаар. 144371)
| 000 -УДИРДЛАГА | |
|---|---|
| Удирдлага | 01828nam a2200409 4500 |
| 003 - ХЯНАЛТЫН ТОО ТОДОРХОЙЛОГЧ | |
| Код | MN-UlNUM |
| 005 - БИЧИЛТ ХИЙСЭН ОГНОО | |
| Тухайн бичилтийг бичсэн засварласан сүүлийн огноо | 20251008155231.0 |
| 008 - ЕРӨНХИЙ МЭДЭЭЛЭЛ | |
| Ерөнхий мэдээлэл | 251007s1971 enka|||b |||| 001 | eng d |
| 020 ## - ISBN | |
| ISBN | 071007073X |
| 040 ## - БИЧЛЭГ ҮҮСГЭГЧ БАЙГУУЛЛАГА | |
| Бичлэг үүсгэгч номын сангийн код | МУИС-ийн номын сан |
| 084 ## - ББК АНГИЛАЛ | |
| Нэмэлт тусгалт | Нэг сэдэвт бүтээл |
| Мэдлэгийн ялгаа | 63 - Түүх |
| ББК ангилал | 63.3(1) |
| Зохиогчийн гурван тэмдэгт | S 25 |
| 100 ## - ЗОХИОГЧ | |
| Зохиогчийн нэр | Saunders J. J |
| 240 ## - Шифр - Номын наалт, тайланд хэрэглэх | |
| Ангилалын дугаар /Зохиогчийн 3 тэмдэгт | 63.3(1) S 25 |
| 245 14 - ҮНДСЭН ГАРЧИГ | |
| Номын нэр | The History of the Mongol conquests |
| 260 ## - ГАРАЛТЫН МЭДЭЭ | |
| Хэвлэгдсэн газар | London |
| Хэвлэлийн газар | Routledge & K. Paul |
| Хэвлэгдсэн он | 1971 |
| 300 ## - МАТЕРИАЛЫН ТОДОРХОЙЛОЛТ | |
| хуудасны тоо | xix, 275 p. |
| Бусад тоон мэдээлэл | illus. |
| Хэмжээ | 22 cm |
| 500 ## - Тайлбар | |
| Дансны дугаар | ГФ 20862 |
| 505 ## - Агуулгын тэмдэглэгээ | |
| Агуулгын тэмдэглэгээ | The book opens with a chapter on Eurasian nomadism and an account of the Turkish conquests, seven centuries before those of the Mongols. The author deals fully with Chingis Khan and his achieve-ments both as a soldier and as an adminis-trator, and goes on to describe the Mongol drive into Europe and the Christian response to it. Mongol rule in China and Persia is discussed and the period of Mongol dominance in Russia is also covered. There is a final chapter on the Mongol age in retrospect, which looks at the achievements of the Mongols and includes a comparison between the Arab conquests of the seventh century and the Mongol conquests of the thirteenth. |
| 546 ## - ХЭЛНИЙ ТУХАЙ МЭДЭЭ | |
| Хэл | Англи хэл дээр, |
| 653 ## - Түлхүүр үг | |
| Түлхүүр үг | history |
| 653 ## - Түлхүүр үг | |
| Түлхүүр үг | Mongolian history |
| 653 ## - Түлхүүр үг | |
| Түлхүүр үг | Chingis Khan |
| 653 ## - Түлхүүр үг | |
| Түлхүүр үг | Mongol empire |
| 740 ## - НОМЫН ГАРЧИГ | |
| Гарчиг | Eurasian nomadism |
| 740 ## - НОМЫН ГАРЧИГ | |
| Гарчиг | The Turkish rehearsal for the Mongol conquests |
| 740 ## - НОМЫН ГАРЧИГ | |
| Гарчиг | From Turk to Mongol 750-1200 |
| 740 ## - НОМЫН ГАРЧИГ | |
| Гарчиг | Chingis Khan |
| 740 ## - НОМЫН ГАРЧИГ | |
| Гарчиг | The Mongol drive into Europe |
| 740 ## - НОМЫН ГАРЧИГ | |
| Гарчиг | The Christian response |
| 740 ## - НОМЫН ГАРЧИГ | |
| Гарчиг | Nomad imperialism: Mongol rule in China and Persia |
| 740 ## - НОМЫН ГАРЧИГ | |
| Гарчиг | The anti-Mongol reaction |
| 740 ## - НОМЫН ГАРЧИГ | |
| Гарчиг | Kipchak and Chagatai |
| 740 ## - НОМЫН ГАРЧИГ | |
| Гарчиг | The Mongol age in retrospect |
| 740 ## - НОМЫН ГАРЧИГ | |
| Гарчиг | The Secret History |
| 942 ## - ЭЛЕМЕНТИЙН ТӨРӨЛ | |
| Зүйлийн төрөл | Ном |
